Sistemas de planeamiamiento y control en la empresa Teoria y tecnologia / James C. Emery (Registro nro. 23400)
[ vista simple ]
| 000 -LÍDER | |
|---|---|
| fixed length control field | 00357nam a2200109 4500 |
| 082 ## - NUMERO DE CLASIFICACION DECIMAL DEWEY | |
| Número de Clasificación | 658.403 E553s |
| 100 ## - ASIENTO PRINCIPAL--NOMBRE PERSONAL | |
| Nombre personal | Emery, James C. |
| 245 ## - TÍTULO | |
| Título | Sistemas de planeamiamiento y control en la empresa Teoria y tecnologia / James C. Emery |
| 260 ## - PUBLICACIÓN, DISTRIBUCIÓN, ETC. (PIE DE IMPRENTA) | |
| Lugar de publicación, distribución, etc. | Argentina : El ateneo |
| 300 ## - DESCRIPCIÓN FÍSICA | |
| Extensión | 197p. / 19 c. |
| 650 ## - ASIENTO SECUNDARIO DE MATERIA - TERMINO TEMÁTICO | |
| Término temático o nombre geográfico como elemento de entrada | 1. SISTEMAS DE PLANEAMIENTO Y CONTROL \ 2. EMPRESA |
| No. biblioteca | No. biblioteca | Número de clasificación | Código de barras/Número de adquisición | Número de copia | Tipo de material |
|---|---|---|---|---|---|
| LUIS G. INCLAN | LUIS G. INCLAN | 658.403 E553s | 6645 | 2 | Libros |
| LUIS G. INCLAN | LUIS G. INCLAN | 658.403 E553s | 8648 | 1 | Libros |
